000
00282nam a2200097Ia 4500
001
801221
005
20250826171033.0
008
250824s9999 xx 000 0 und d
245
0
_a
ALİ KOPTER HAYAT OKULUNDA ÖĞRENCİYİM
_c
ŞEBNEM GÜLER KARACAN
260
_b
UĞUR BÖCEĞİ YAYINLARI
999
_c
801221
_d
801221